<?xml version="1.0" encoding="UTF-8"?>
<record
    xmlns:xsi="http://www.w3.org/2001/XMLSchema-instance"
    xsi:schemaLocation="http://www.loc.gov/MARC21/slim http://www.loc.gov/standards/marcxml/schema/MARC21slim.xsd"
    xmlns="http://www.loc.gov/MARC21/slim">

  <leader>01633cam a2200361 a 4500</leader>
  <controlfield tag="003">CO-BoRNBP</controlfield>
  <controlfield tag="005">20241018113757.0</controlfield>
  <controlfield tag="007">ta</controlfield>
  <controlfield tag="008">990407s1998    sp a    r e   00010 spa d</controlfield>
  <datafield tag="020" ind1=" " ind2=" ">
    <subfield code="a">8449411254</subfield>
  </datafield>
  <datafield tag="040" ind1=" " ind2=" ">
    <subfield code="a">la </subfield>
    <subfield code="c">la</subfield>
  </datafield>
  <datafield tag="041" ind1="0" ind2=" ">
    <subfield code="a">spa</subfield>
  </datafield>
  <datafield tag="082" ind1="0" ind2="4">
    <subfield code="a">R370.3 </subfield>
    <subfield code="b">E52d </subfield>
    <subfield code="2">19 ed.</subfield>
  </datafield>
  <datafield tag="245" ind1="1" ind2="0">
    <subfield code="a">Enciclopedia general de la educaci&#xF3;n / </subfield>
    <subfield code="c">Jos&#xE9; Manuel Aja Fern&#xE1;ndez ... [et al.] ; ilustraci&#xF3;n Victoria Grasa.</subfield>
  </datafield>
  <datafield tag="250" ind1=" " ind2=" ">
    <subfield code="a">Edici&#xF3;n, Ma. Angeles Arregui ... [et al.].</subfield>
  </datafield>
  <datafield tag="300" ind1=" " ind2=" ">
    <subfield code="a">3 v. : </subfield>
    <subfield code="b">il. ; </subfield>
    <subfield code="c">26 cm. + </subfield>
    <subfield code="e">1 CD ROOM.</subfield>
  </datafield>
  <datafield tag="336" ind1=" " ind2=" ">
    <subfield code="2">rdacontent</subfield>
    <subfield code="a">texto</subfield>
    <subfield code="b">txt</subfield>
  </datafield>
  <datafield tag="337" ind1=" " ind2=" ">
    <subfield code="2">rdamedia</subfield>
    <subfield code="a">sin mediaci&#xF3;n</subfield>
    <subfield code="b">n</subfield>
  </datafield>
  <datafield tag="338" ind1=" " ind2=" ">
    <subfield code="2">rdacarrier</subfield>
    <subfield code="a">volumen</subfield>
    <subfield code="b">nc</subfield>
  </datafield>
  <datafield tag="500" ind1=" " ind2=" ">
    <subfield code="a">Incluye glosario.</subfield>
  </datafield>
  <datafield tag="505" ind1="0" ind2=" ">
    <subfield code="a">v.1 Un marco psicol&#xF3;gico global para la educaci&#xF3;n escolar ; la profesi&#xF3;n docente ; los contextos de la intervenci&#xF3;n educativa ; psicolog&#xED;a de la educaci&#xF3;n ; tutor&#xED;a y orientaci&#xF3;n. -- v.2 Evaluaci&#xF3;n e investigaci&#xF3;n ; did&#xE1;ctica general ; educaci&#xF3;n y nuevas tecnolog&#xED;as ; educaci&#xF3;n especial ; did&#xE1;cticas espec&#xED;ficas. -- v.3 Did&#xE1;cticas espec&#xED;ficas ; temas transversales.</subfield>
  </datafield>
  <datafield tag="650" ind1=" " ind2="7">
    <subfield code="a">Educaci&#xF3;n</subfield>
    <subfield code="v"> Enciclopedias.</subfield>
    <subfield code="2">BLAAUTO</subfield>
    <subfield code="9">43339</subfield>
  </datafield>
  <datafield tag="650" ind1=" " ind2="7">
    <subfield code="a">Educaci&#xF3;n primaria</subfield>
    <subfield code="v"> Enciclopedias.</subfield>
    <subfield code="2">BLAAUTO</subfield>
    <subfield code="9">43340</subfield>
  </datafield>
  <datafield tag="650" ind1=" " ind2="7">
    <subfield code="a">Psicopedagog&#xED;a.</subfield>
    <subfield code="2">BLAAUTO</subfield>
    <subfield code="9">14915</subfield>
  </datafield>
  <datafield tag="650" ind1=" " ind2="7">
    <subfield code="a">Evaluaci&#xF3;n acad&#xE9;mica.</subfield>
    <subfield code="2">BLAAUTO</subfield>
    <subfield code="9">43341</subfield>
  </datafield>
  <datafield tag="650" ind1=" " ind2="7">
    <subfield code="a">Educaci&#xF3;n especial.</subfield>
    <subfield code="2">BLAAUTO</subfield>
    <subfield code="9">21470</subfield>
  </datafield>
  <datafield tag="650" ind1=" " ind2="7">
    <subfield code="a">Pedagog&#xED;a</subfield>
    <subfield code="v"> Enciclopedias.</subfield>
    <subfield code="2">BLAAUTO</subfield>
    <subfield code="9">43342</subfield>
  </datafield>
  <datafield tag="700" ind1="1" ind2=" ">
    <subfield code="a">Aja Fern&#xE1;ndez, Jos&#xE9; Manuel.</subfield>
    <subfield code="9">43343</subfield>
  </datafield>
  <datafield tag="700" ind1="1" ind2=" ">
    <subfield code="a">Grasa, Victoria,</subfield>
    <subfield code="e">il.</subfield>
    <subfield code="9">43344</subfield>
  </datafield>
  <datafield tag="700" ind1="1" ind2=" ">
    <subfield code="a">Arregui, Mar&#xED;a Angeles,</subfield>
    <subfield code="e">ed.</subfield>
    <subfield code="9">43345</subfield>
  </datafield>
  <datafield tag="942" ind1=" " ind2=" ">
    <subfield code="2">ddc</subfield>
    <subfield code="c">BK</subfield>
  </datafield>
  <datafield tag="949" ind1=" " ind2=" ">
    <subfield code="a">n   </subfield>
    <subfield code="b">n</subfield>
  </datafield>
  <datafield tag="999" ind1=" " ind2=" ">
    <subfield code="c">38496</subfield>
    <subfield code="d">38496</subfield>
  </datafield>
  <datafield tag="952" ind1=" " ind2=" ">
    <subfield code="0">0</subfield>
    <subfield code="1">0</subfield>
    <subfield code="2">ddc</subfield>
    <subfield code="4">0</subfield>
    <subfield code="7">0</subfield>
    <subfield code="8">GEN</subfield>
    <subfield code="a">MEGUAMAL</subfield>
    <subfield code="b">MEGUAMAL</subfield>
    <subfield code="c">REF</subfield>
    <subfield code="d">2024-10-18</subfield>
    <subfield code="l">0</subfield>
    <subfield code="o">R 370.3 E52d</subfield>
    <subfield code="p">GUA004347</subfield>
    <subfield code="r">2024-10-18 11:40:32</subfield>
    <subfield code="t">Ej.1</subfield>
    <subfield code="w">2024-10-18</subfield>
    <subfield code="y">REF</subfield>
  </datafield>
</record>
